Les comptabilités nationales

Shranjeno v:
Bibliografske podrobnosti
Glavni avtor: Culmann, Henri
Format: Knjiga
Jezik:Undetermined
Izdano: Paris presses universitaires de France 1965
Teme:
Oznake: Označite
Brez oznak, prvi označite!
Thư viện lưu trữ: Trung tâm Học liệu Trường Đại học Cần Thơ
LEADER 00564nam a2200205Ia 4500
001 CTU_80431
008 210402s9999 xx 000 0 und d
082 |a 657 
082 |b C967 
100 |a Culmann, Henri 
245 0 |a Les comptabilités nationales 
245 0 |c Henri Culmann 
260 |a Paris 
260 |b presses universitaires de France 
260 |c 1965 
650 |a National income,National income 
650 |x Accounting,Accounting 
650 |z France 
904 |i Trọng Hải 
980 |a Trung tâm Học liệu Trường Đại học Cần Thơ